Légende du Football par pays - Statistiques

Statistiques générales
  • Ce quiz a été pris 204 fois
  • Le résultat moyen est 39 sur 69
Statistiques - réponses
Pays Joueur % Correct
France Antoine Griezmann | Michel Platini | Zinédine Zidane ...
95%
Argentine Carlos Tévez | Diego Armando Maradona | Lionel Messi ...
95%
Brésil Pelé | Ronaldinho | Ronaldo ...
95%
Angleterre Bobby Charlton | Harry Kane | Wayne Rooney ...
92%
Espagne Alfredo Di Stéfano | Andrés Iniesta | Xavi ...
91%
Allemagne Franz Beckenbauer | Gerd Müller | Lothar Matthäus ...
91%
Portugal Cristiano Ronaldo | Eusébio | Luis Fígo ...
90%
Belgique Eden Hazard | Kevin De Bruyne | Michel Preud'homme ...
88%
Croatie Alen Bokšić | Davor Šuker | Luka Modrić ...
87%
Italie Gianluigi Buffon | Paolo Maldini | Roberto Baggio ...
85%
Pays Bas Arjen Robben | Johan Cruyff | Marco van Basten ...
84%
Algérie Islam Slimani | Mustapha Dahleb | Riyad Mahrez ...
84%
Uruguay Diego Forlán | Diego Godín | Luis Suárez ...
83%
Égypte Essam El-Hadary | Hossam Hassan | Mohamed Salah ...
83%
Côte d'Ivoire Didier Drogba | Gervinho | Yaya Touré ...
82%
Suède Henrik Larsson | Tomas Brolin | Zlatan Ibrahimović ...
81%
Pays de Galles Gareth Bale | Ian Rush | Ryan Giggs
80%
Colombie Carlos Valderrama | James Rodríguez | Radamel Falcao ...
79%
Corée du Sud Heung-Min Son | Ji-Sung Park
79%
Maroc Achraf Hakimi | Larbi Benbarek | Medhi Benatia ...
78%
Chili Alexis Sánchez | Arturo Vidal | Claudio Bravo
78%
Cameroun Roger Milla | Samuel Eto'o | Vincent Aboubakar ...
78%
Danemark Allan Simonsen | Michael Laudrup | Peter Schmeichel ...
76%
Pologne Jerzy Dudek | Robert Lewandowski | Włodzimierz Smolarek
76%
Mexique Guillermo Ochoa | Hugo Sánchez | Javier Hernández ...
72%
Sénégal Kalidou Koulibaly | Mamadou Niang | Sadio Mané ...
72%
Costa-Rica Keylor Navas
72%
Ghana Abedi Pelé | Asamoah Gyan | Michael Essien ...
70%
Ukraine Andriy Shevchenko | Igor Belanov | Oleg Blokhin ...
70%
Suisse Alexander Frei | Granit Xhaka | Xherdan Shaqiri ...
66%
Bosnie-Herzégovine Asmir Begović | Edin Džeko | Miralem Pjanić
66%
Autriche David Alaba | Marko Arnautović
65%
Gabon Pierre-Emerick Aubameyang
65%
États-Unis Christian Pulisic | Clint Dempsey | London Donovan ...
64%
Liberia George Weah
64%
Hongrie Férenc Puskás | Flórián Albert | Petar Gulacsi
59%
République Tchèque Josef Masopust | Pavel Nedvěd | Petr Čech ...
59%
Russie Aleksandr Mostovoi | Andriy Arshavin | Lev Yashin ...
53%
Écosse Andrew Robertson | Dennis Law | Kenny Dalglish ...
53%
Irlande du Nord George Best
51%
Nigeria Jay-Jay Okocha | Robson Kanu | Vincent Enyama
49%
Irlande Roy Keane | Robbie Keane
48%
Roumanie Gheorghe Hagi | Viorel Moldovan
47%
Bulgarie Dimitar Berbatov | Emil Kostadinov | Hristo Stoichkov
46%
Finlande Jari Litmanen | Lukáš Hrádecký | Teemu Pukki
43%
Australie Garry Cahill | Harry Kewell | Matthew Ryan ...
42%
Japon Hidetoshi Nakata | Makoto Hasebe | Takeshi Honda ...
42%
Slovaquie Marek Hamšík | Milan Škriniar | Róbert Vittek
41%
Slovénie Jan Oblak | Samir Handanovič
39%
Serbie Aleksandar Kolarov | Nemanja Matić | Nemanja Vidić ...
37%
Iran Ali Daei | Mehdi Taremi
36%
Turquie Arda Turan | Fatih Terim | Hakan Şükür ...
35%
Équateur Antonio Valencia | Enner Valencia
32%
Tunisie Aymen Abdennour | Wahbi Khazri
31%
Arménie Henrikh Mkhitaryan
31%
Togo Emmanuel Adebayor
28%
Islande Eiður Gudjohnsen | Gylfi Sigurðsson
25%
Guinée Naby Keïta
22%
Arabie Saoudite Saeed Al-Owairan
22%
Macédoine du Nord Goran Pandev
19%
Nouvelle-Zélande Chris Wood
16%
Afrique du Sud Percy Tau | Siphiwe Tshabalala
16%
Norvège John Arne Riise | Ole-Gunnar Solskjær
15%
Paraguay José-Luis Chilávert
15%
Grèce Angelos Charisteas | Giorgos Karagounis
12%
Chine Wu Lei
8%
Mali Fréréric Kanouté
5%
Kenya Victor Wenyama
5%
Tchad Japhet N'Doram
3%
Aucun quiz correspondant
Distribution des résultats
% des personnes avec chaque résultat
Percentile par nombre de réponses
Votre historique - résultats
Vous n’avez pas pris ce quiz